000 00480nam a2200193Ia 4500
003 GCL
008 140319s9999 xx 000 0 eng d
040 _aGCL /
_cGCL
082 0 4 _a741
_bR D
100 1 _aRAYNES, JOHN
245 1 0 _aDRAW FACES AND EXPRESSIONS /
_cRAYNES, JOHN
260 _a[S.N] :
_bA AND C BLACK LIMITED ،
_c1991
300 _a48
650 0 4 _aDRAWING
650 0 4 _aFACES PAINTING AND ILLUSTRATION
650 0 4 _aARTS
650 0 4 _aMAN
942 _2ddc
_cBK
999 _c17423
_d17423